000 00503nam a22001937i 4500
001 3386
003 OSt
005 20170126082318.0
007 tu
008 161220s1994 xxu||||| |||| 00| 0 d
024 7 _a3385
_2RID
040 _cOSt
084 _a12.31
_2z
100 1 _aHuckemann, Stefan
245 0 0 _aBeschäftigungspolitik im internationalen Vergleich. Länder-Ranking 1980 - 1993
260 _aGütersloh :
_bBertelsmann Stiftung,
_c1994.
300 _a197 S. ;
_c30cm.
700 1 _avan, Suntum Ulrich
942 _cB
999 _c3336
_d3336